Machining : (Record no. 586098)
[ view plain ]
| 000 -LEADER | |
|---|---|
| fixed length control field | 00386nam a22001577a 4500 |
| 003 - CONTROL NUMBER IDENTIFIER | |
| control field | NUST |
| 020 ## - INTERNATIONAL STANDARD BOOK NUMBER | |
| International Standard Book Number | 9781119426134 |
| 038 ## - RECORD CONTENT LICENSOR | |
| Staff Name | khadija |
| 082 ## - DEWEY DECIMAL CLASSIFICATION NUMBER | |
| Classification number | 671.35 |
| Author Mark | HAN |
| 100 ## - MAIN ENTRY--PERSONAL NAME | |
| Personal name | Hanson, Kip |
| 9 (RLIN) | 81229 |
| 245 ## - TITLE STATEMENT | |
| Title | Machining : |
| Remainder of title | for dummies\ |
| Statement of responsibility, etc. | Kip Hanson |
| 260 ## - PUBLICATION, DISTRIBUTION, ETC. | |
| Place of publication, distribution, etc. | New Jersy, |
| Name of publisher, distributor, etc. | Hanson, |
| Date of publication, distribution, etc. | 2018. |
| 300 ## - PHYSICAL DESCRIPTION | |
| Extent | ix, 299p. ; |
| Other physical details | Paperback, |
| Dimensions | 23 cm. |
| 563 ## - BINDING INFORMATION | |
| Binding note | Paperback |
| 942 ## - ADDED ENTRY ELEMENTS (KOHA) | |
| Source of classification or shelving scheme | |
| Koha item type | Book |
| Withdrawn status | Lost status | Source of classification or shelving scheme | Damaged status | Not for loan | Permanent Location | Current Location | Shelving location | Date acquired | Total Checkouts | Full call number | Barcode | Checked out | Date last seen | Date last checked out | Price effective from | Koha item type |
|---|---|---|---|---|---|---|---|---|---|---|---|---|---|---|---|---|
| School of Mechanical & Manufacturing Engineering (SMME) | School of Mechanical & Manufacturing Engineering (SMME) | General Stacks | 08/04/2021 | 1 | 671.35 HAN | SMME-3602 | 01/08/2025 | 12/09/2024 | 12/09/2024 | 08/04/2021 | Book |
